000 01028nam a22003137a 4500
003 CHAP
005 20220329143719.0
008 110329s1973 mx a r 00010 spa d
010 _a100774
011 _a101746
035 _a112434
040 _cCHAP
082 0 4 _a410
_bB34
100 1 _aBazán, José.
_911040
245 1 0 _aManual de didáctica del lenguaje
_c/por José Bazán, Alejandro de la Mora y Javier Olmedo
260 _aMéxico, D.F. :
_bUNAM. Centro de Didáctica,
_c1973
300 _a178 p. :
_bilus.
590 _aBATCH-UPD
_b10
_c20130110
_lUCH01
_h1248
590 _aBATCH-UPD
_b10
_c20130410
_lUCH01
_h0811
590 _aBATCH-UPD
_b10
_c20130914
_lUCH01
_h0549
590 _aCONVERSION
_b10
_c20130109
_lUCH01
_h1356
650 1 4 _aLenguaje
_xEstudio y enseñanza.
_965986
650 1 4 _aPolítica educativa.
_990539
700 1 _aMora, Alejandro de la
_978183
700 1 _aOlmedo, Javier
_983176
901 _aBK
942 _cLIBRO
949 _a410 B34
_bBC
_cLIBRO
_d33724002236066
_eLIBRO
_h114488
_i112434
_sb
999 _c100774
_d100774